000 01256cam a22003377a 4500
003 CHAP
005 20220329142649.0
008 010920d2001 mx r 00110 spa d
010 _a86169
011 _a87141
035 _a97683
040 _cCHAP
090 _aTesis
100 0 0 _aAcevedo Luna, Juan Cándido.
_9509
245 1 0 _aEfecto de la densidad de población y arreglo topológico sobre la producción de forraje en la línea L10 (R4M18) de soya en 50% de floración
_c/por Juan Cándido Acevedo Luna
260 _aCocula, Gro. :
_bEl autor,
_c2002.
300 _a42 h.
502 _aTesis (Ing. Agr. Zootecnista) -- Colegio Superior Agropecuario del Estado de Guerrero. Centro de Estudios Profesionales
590 _aALEPH
_b10
_c20130110
_lUCH01
_h1448
590 _aBATCH-UPD
_b10
_c20130110
_lUCH01
_h0724
590 _aBATCH-UPD
_b10
_c20130410
_lUCH01
_h0408
590 _aBATCH-UPD
_b10
_c20130913
_lUCH01
_h1901
590 _aCONVERSION
_b10
_c20130109
_lUCH01
_h1348
650 1 4 _aDensidad de siembra.
_931812
650 1 4 _aForrajes
_xRendimiento.
_942593
650 1 4 _aSoya como forraje.
_9109101
901 _aBK
905 _aAlejandra Carrasco M.
942 _cTESIS
949 _aTesis
_bBC
_cTES
_d33724000875183
_eTS1
_h39704
_i97683
_sb
999 _c86169
_d86169